000
00301nam a22001217a 4500
082
_a
220 PRO
100
_a
SUBTAIN,SHERJEEL,
_9
72387
245
_a
PR-SOF-1070-QUADROCOPTER
260
_a
ISLAMABAD
_b
NUST COLLEGE OF EME
_c
2011
650
_a
DE-COMP-29
700
_a
DR SHOAB A KHAN
_9
18474
942
_c
CR
999
_c
578443
_d
578443